Digital Telephony (Record no. 325781)

MARC details
000 -LEADER
fixed length control field 00426nam a2200169Ia 4500
008 - FIXED-LENGTH DATA ELEMENTS--GENERAL INFORMATION
fixed length control field 230718s9999 xx 000 0 und d
020 ## - INTERNATIONAL STANDARD BOOK NUMBER
International Standard Book Number 9788126509294
041 ## - LANGUAGE CODE
Language code of text/sound track or separate title eng
082 ## - DEWEY DECIMAL CLASSIFICATION NUMBER
Classification number 621.385
Item number BEL
100 ## - MAIN ENTRY--PERSONAL NAME
Personal name Bellamy J.C.
245 ## - TITLE STATEMENT
Title Digital Telephony
250 ## - EDITION STATEMENT
Edition statement 3rd ed.
260 ## - PUBLICATION, DISTRIBUTION, ETC. (IMPRINT)
Name of publisher, distributor, etc. Wiley India
365 ## - TRADE PRICE
Currency code Rs.
Price amount 419.00
700 ## - ADDED ENTRY--PERSONAL NAME
Personal name Bellamy J.C.
906 ## - LOCAL DATA ELEMENT F, LDF (RLIN)
d O:0109013-Sep-2010B:734326-Sep-2010
c ETC
b 502.8
Holdings
Withdrawn status Lost status Damaged status Not for loan Home library Current library Date acquired Vendor Budget Code Cost, normal purchase price Bill number Total Checkouts Full call number Barcode Date last seen Discount Cost, replacement price Bill Date Koha item type Original Barcode
        Cummins College of Engineering for Women Pune Cummins College of Engineering for Women Pune 13/09/2010 Radiant Book Service ETC 335.20 7343   621.385 CCEP-BK-36988 18/07/2023 502.8 419.00 26/09/2010 Books 036988